| 000 | 00961nac a22002897a 4500 | ||
|---|---|---|---|
| 001 | BR9700271 | ||
| 003 | BR-BrBNA | ||
| 005 | 20240105121826.0 | ||
| 008 | 230509b bl.|||m| |||| 00| 0 por d | ||
| 040 |
_aBR-BrBNA _bpor _cBiblioteca Nacional de Agricultura |
||
| 072 | _aP33 | ||
| 090 | _aP33 BR9700271 | ||
| 100 | 1 | _aMelo, G.W.B. de | |
| 100 | 1 | _aEl-Husny, J.C. | |
| 100 | 1 | _aCoelho, M.E.P. | |
| 110 | 1 |
_aCentro de Pesquisa Agroflorestal de Roraima, Boa Vista (Brasil) _91534 |
|
| 245 | 1 | _aAlteracoes nas caracteristicas quimicas de um solo sob floresta tropical apos a queima da vegetacao | |
| 260 | 3 |
_aBoa Vista, RR (Brasil): _c1994. |
|
| 300 | _a2 p. | ||
| 490 |
_aPesquisa em Andamento - Centro de Pesquisa Agroflorestal de Roraima (Brazil) _vno. 2 _xISSN 0101-8639 |
||
| 650 | _aSolo | ||
| 650 | _aQuimica do Solo | ||
| 650 | _aFloresta | ||
| 650 | _aQuimica | ||
| 909 |
_a202312 _bLúcia Elande _c55 _dLúcia Elande |
||
| 942 |
_2AGRIS _n0 _cMS |
||
| 999 |
_c287689 _d287689 |
||